| 000 | 02271nam a2200541Ii 4500 | ||
|---|---|---|---|
| 001 | DIGUAH0112 | ||
| 003 | NyNyDIG | ||
| 006 | m o d | ||
| 007 | cr ||||||||||| | ||
| 008 | 220514s2020 cl ob 000 0 spa d | ||
| 035 | _a(OCoLC)1291085954 | ||
| 040 |
_aDGITA _beng _erda _epn _cDGITA |
||
| 020 |
_a9789563572612 _qeBook _qpdf |
||
| 020 |
_z9789563572605 _qimpreso |
||
| 041 | 1 |
_aspa _heng |
|
| 043 | _acl----- | ||
| 050 | 1 | 4 | _aHV6322.3.L29 ebook |
| 082 | 0 | 4 | _a303.609809045 |
| 240 | 1 | 0 |
_aResistance to political violence in Latin America. _lSpanish |
| 245 | 0 | 0 |
_aDocumentar la atrocidad : _bresistir el terrorismo de Estado / _cOriana Bernasconi, editora. |
| 250 | _aPrimera edición. | ||
| 264 | 1 |
_aSantiago de Chile : _bEdiciones Universidad Alberto Hurtado, _c[2020] |
|
| 300 | _a1 online resource. | ||
| 336 |
_atext _btxt _2rdacontent |
||
| 337 |
_acomputer _bc _2rdamedia |
||
| 338 |
_aonline resource _bcr _2rdacarrier |
||
| 347 |
_atext file _2rdaft |
||
| 347 | _bPDF | ||
| 490 | 1 | _aColección Historia | |
| 504 | _aIncludes bibliographical references. | ||
| 588 | 0 | _aOnline resource; title from PDF title page (Digitalia, viewed May 14, 2022) | |
| 650 | 0 |
_aState-sponsored terrorism _zLatin America. |
|
| 650 | 0 |
_aState-sponsored terrorism _zLatin America _xPrevention. |
|
| 650 | 0 |
_aPolitical atrocities _zLatin America. |
|
| 650 | 0 |
_aPolitical atrocities _zLatin America _xPrevention. |
|
| 650 | 0 |
_aPolitical violence _zLatin America. |
|
| 650 | 0 |
_aPolitical violence _zLatin America _xPrevention. |
|
| 655 | 0 | _aElectronic books. | |
| 700 | 1 |
_aBernasconi, Oriana, _eeditor. |
|
| 700 | 1 |
_iTranslation of: _tResistance to political violence in Latin America. |
|
| 791 | 2 |
_aDigitalia (Firm), _edistributor. |
|
| 793 | 0 |
_gDigitalia eBook Collection: _aEdiciones Universidad Alberto Hurtado |
|
| 776 | 0 | 8 |
_iPrint version: _sResistance to political violence in Latin America. Spanish. _tDocumentar la atrocidad. _bPrimera edición. _dSantiago de Chile : Ediciones Universidad Alberto Hurtado, [2020] _z9789563572605 |
| 830 | 0 | _aColección Historia (Ediciones Universidad Alberto Hurtado) | |
| 856 | 4 | 0 |
_3Digitalia Hispánica _uhttps://www.digitaliapublishing.com/a/104029/ |
| 910 | _aPremium collection: 2022 | ||
| 942 | _cRAA | ||
| 999 |
_c270019 _d270019 |
||